• 首页
  • 本馆介绍
  • 公告通知
  • 最新文献
  • 馆藏检索
  • 电子资源
  • 读者荐购
  • 参考咨询
  • CALIS
  • 我的图书馆
  • 登录
  • 详细信息显示
  • 放入我的书架
  • 预约/预借图书
  • 作者相关作品
  • 分类相关作品
  • 丛书相关作品
  • 出版社相关作品

书目信息

  • 表格格式
  • 工作单格式
  • 卡片格式
题名:
涡轮电动力气动热力学
    
 
作者: 张扬军, 著
分册:  
出版信息: 北京   清华大学出版社  2025.03
页数: XI, 270页
开本: 26cm
丛书名:
单 册:
中图分类: TM310.1
科图分类:
主题词: 涡轮发电机--wo lun fa dian ji--空气热动力学
电子资源:
ISBN: 978-7-302-68490-9
 
 
 
 
 
000 01346nam0 2200277 450
001 91434
005 20250817074432.28
010    @a978-7-302-68490-9@dCNY78.00
100    @a20250520d2025 em y0chiy50 ea
101 0  @achi
102    @aCN@b110000
105    @aa a 000yy
106    @ar
200 1  @a涡轮电动力气动热力学@Awo lun dian dong li qi dong re li xue@d= Aerothermodynamics of turboelectric power systems@f张扬军 ... [等] 著@zeng
210    @a北京@c清华大学出版社@d2025.03
215    @aXI, 270页@c图@d26cm
304    @a题名页题其余责任者: 钱煜平, 谢翌, 彭杰, 郑俊超, 江泓升
314    @a张扬军, 男, 1967年生, 湖北宜昌人。清华大学车辆与运载学院教授, 俄罗斯工程院外籍院士。研究方向为发动机气动热力学, 主要从事涡轮增压与涡轮电动力技术及其在车辆与航空等运载领域应用的研究。
320    @a有书目
330    @a本书系统阐述了涡轮电动力气动热力学的基础理论与关键技术, 包括电机/叶轮机、动力电池、燃料电池等涡电动力核心系统部件高功率密度发展的多场耦合与流动控制, 以及分布式涡轮电推进、燃料电池涡轮发电等涡电动力高效化发展的涡轮复合循环多能流耦合与总能优化。
510 1  @aAerothermodynamics of turboelectric power systems@zeng
606 0  @a涡轮发电机@Awo lun fa dian ji@x空气热动力学
690    @aTM310.1@v5
701  0 @a张扬军,@Azhang yang jun@f1967-@4著
801  0 @aCN@c20250909
905    @a河南城建学院图书馆@dTM310.1@eZ220@f1
    
    涡轮电动力气动热力学= Aerothermodynamics of turboelectric power systems/张扬军 ... [等] 著.-北京:清华大学出版社,2025.03
    XI, 270页:图;26cm
    
    
    ISBN 978-7-302-68490-9:CNY78.00
    本书系统阐述了涡轮电动力气动热力学的基础理论与关键技术, 包括电机/叶轮机、动力电池、燃料电池等涡电动力核心系统部件高功率密度发展的多场耦合与流动控制, 以及分布式涡轮电推进、燃料电池涡轮发电等涡电动力高效化发展的涡轮复合循环多能流耦合与总能优化。
●
相关链接 在E读中查询图书 在当当中查询图书 在豆瓣中查询图书


正题名:涡轮电动力气动热力学     索取号:TM310.1/Z220         预约/预借

序号 登录号 条形码 馆藏地/架位号 状态 备注
1 1625396   216253961   自科库301/301自科库 11排2列4层/ [索取号:TM310.1/Z220] 在馆    
河南城建学院图书馆 欢迎您!
大连网信软件有限公司© 版权所有